[Event "Rheinland Pfalz op 8th"]
[Site "Reil an der Mosel"]
[Date "2016.05.29"]
[Round "7"]
[White "Vogt, Michael"]
[Black "Talosch, Anton"]
[Result "0-1"]
[WhiteElo "1375"]
[BlackElo "1808"]
[PlyCount "70"]
[EventDate "2016.05.26"]
[EventType "swiss"]
[EventRounds "7"]
[EventCountry "GER"]
[SourceTitle "EXT 2018"]
[Source "ChessBase"]
[SourceDate "2017.10.13"]
[SourceVersion "1"]
[SourceVersionDate "2017.10.13"]
[SourceQuality "1"]

1. d4 Nf6 2. c4 e6 3. Nc3 d5 4. Bg5 Be7 5. Nf3 0-0 6. e3 b6 7. Be2 Bb7 8. 0-0 Nbd7 9. Rc1 c5 10. h3 Rc8 11. b3 h6 12. Bh4 cxd4 13. Nxd4 dxc4 14. Bxc4 Ne5 15. Be2 Bb4 16. Nb1 Rxc1 17. Qxc1 Ng6 18. Bg3 Qa8 19. Bf3 Bxf3 20. Nxf3 Rc8 21. Qb2 Qe4 22. Qd4 Qxd4 23. Nxd4 Ne4 24. Bh2 e5 25. Nf3 f6 26. a3 Bf8 27. Nfd2 Nxd2 28. Nxd2 Bxa3 29. Rb1 Rc1+ 30. Rxc1 Bxc1 31. Nc4 Ne7 32. e4 Nc6 33. Nd6 a5 34. Nc4 b5 35. Nd6 Nd4 0-1